Word Ladder: Take Your Best 'Shot' Quiz Stats

 Plays Quiz Updated Apr 11, 2018

Challenge
Share
Tweet
Embed
Score 0/34 Timer 04:00
0 Plays Today
Clue 4-Letter Word % Correct
Edit for size, as a photoCROP
93.1%
Sound of a hoofbeatCLOP
91.3%
1969 hit song by the Rolling Stones 'Honky ____ Women'TONK
90.7%
Wet feed for pigsSLOP
90.3%
Make very wetSOAK
90.1%
Not counterfeitREAL
89.7%
Curl up with a good bookREAD
87.9%
Soft foot coveringSOCK
87.6%
Ice hockey diskPUCK
86.8%
End of many country namesLAND
84.2%
Half-a-second soundTOCK
83.8%
Bar in a bathtubSOAP
83.5%
____ SHOT: An entry given little chance of winningLONG
83.1%
Radiation shield materialLEAD
83.1%
Permit the temporary use ofLEND
82.7%
Lingerie item; errorSLIP
82.6%
Canadian singer-songwriter k.d.LANG
82.5%
Clue 4-Letter Word % Correct
Type of social organization found in Chinese immigrant communitiesTONG
77.8%
____ SHOT: Soft hit that makes a tennis ball fall quickly once over the netDROP
74.7%
Inflating devicePUMP
72.7%
Line holder for a castREEL
71.4%
Hair salon soundSNIP
70%
____SHOT: Impression or view of something brief or transitorySNAP
69.6%
Juicy part of a fruitPULP
68.3%
____SHOT: Shotgun shell load used for hunting large gameBUCK
67%
____ SHOT: Airborn attempt to score a basketJUMP
65.2%
Statement of money owedBILL
64.9%
Purplish brownPUCE
61.5%
Main longitudinal beam of a vessel's hullKEEL
57.2%
The greater partBULK
54.1%
____ SHOT: Variation on the Bloody Mary cocktail, using beef bouillon or beef consommé in place of tomato juiceBULL
52.9%
Whimper like a childPULE
51.7%
____SHOT: 2008 American thriller film starring Mickey RourkeKILL
49.4%
German port on the Baltic SeaKIEL
46.3%

Today's Daily Dose

You're not logged in!

Compare scores with friends on all Sporcle quizzes.
Join for Free
OR
Log In

You Might Also Like...

Show Comments

Extras

Top Quizzes Today


Score Distribution

Your Account Isn't Verified!

In order to create a playlist on Sporcle, you need to verify the email address you used during registration. Go to your Sporcle Settings to finish the process.

Report this User

Report this user for behavior that violates our Community Guidelines.

Details: